[Event "Bruges Masters 2018"]
[Site "Brugge"]
[Date "2018.08.16"]
[Round "2"]
[White "Dgebuadze, Alexandre"]
[Black "Tomov, Georgi"]
[Result "1/2-1/2"]
[WhiteElo "2511"]
[BlackElo "2307"]
[Annotator "RC"]
[PlyCount "87"]
[EventDate "2018.08.12"]
[EventType "swiss"]
[EventCountry "BEL"]
[SourceTitle "playchess.com"]
[Source "ChessBase"]
[SourceQuality "1"]
[TimeControl "5400+30"]

1. c4 {[%emt 0:00:00]} e6 {[%emt 0:00:00]} 2. Nf3 {[%emt 0:00:15]} d5 {[%emt 0:00:00]} 3. e3 {[%emt 0:00:18]} Nf6 {[%emt 0:00:10]} 4. d4 {[%emt 0:01:25]} Be7 {[%emt 0:02:18]} 5. Nbd2 {[%emt 0:01:32]} O-O {[%emt 0:01:26]} 6. Bd3 {[%emt 0:01:31]} c5 {[%emt 0:04:16]} 7. O-O {[%emt 0:03:18]} cxd4 {[%emt 0:03:50]} 8. exd4 {[%emt 0:00:05]} Nc6 {[%emt 0:00:15]} 9. Re1 {[%emt 0:01:24]} b6 {[%emt 0:02:17]} 10. a3 {[%emt 0:05:55]} Bb7 {[%emt 0:00:33]} 11. b4 {[%emt 0:00:28]} dxc4 {[%emt 0:07:40]} 12. Nxc4 {[%emt 0:00:10]} Rc8 {[%emt 0:00:14]} 13. b5 {[%emt 0:06:29]} Nb8 {[%emt 0:00:42]} 14. Bg5 {[%emt 0:08:44]} Nbd7 {[%emt 0:08:49]} 15. Rc1 {[%emt 0:02:31]} Re8 {[%emt 0:03:49]} 16. Nfe5 {[%emt 0:07:17]} Nf8 {[%emt 0:01:21]} 17. Qa4 {[%emt 0:02:00]} Nd5 {[%emt 0:08:05]} 18. Bd2 {[%emt 0:03:57]} Bg5 {[%emt 0:02:05]} 19. Qxa7 {[%emt 0:17:45]} Rc7 {[%emt 0:26:36]} 20. Ne3 {[%emt 0:04:56]} Bxe3 {[%emt 0:12:26]} 21. fxe3 {[%emt 0:01:10]} f6 {[%emt 0:01:52]} 22. Rxc7 {[%emt 0:03:43]} Qxc7 {[%emt 0:00:02]} 23. Rc1 {[%emt 0:00:11]} Qe7 {[%emt 0:00:08]} 24. Nc6 {[%emt 0:00:09]} Qd7 {[%emt 0:00:13]} 25. Qa4 {[%emt 0:00:37]} Ng6 {[%emt 0:01:27]} 26. Qc2 {[%emt 0:05:39]} Rc8 {[%emt 0:01:05]} 27. Bxg6 {[%emt 0:14:11]} hxg6 {[%emt 0:00:06]} 28. Qxg6 {[%emt 0:01:22]} Bxc6 {[%emt 0:00:19]} 29. bxc6 {[%emt 0:00:13]} Rxc6 {[%emt 0:00:04]} 30. Rxc6 {[%emt 0:00:56]} Qxc6 {[%emt 0:00:01]} 31. Qd3 {[%emt 0:00:10]} b5 {[%emt 0:01:04]} 32. e4 {[%emt 0:00:31]} Nb6 {[%emt 0:01:32]} 33. h3 {[%emt 0:01:05]} Nc4 {[%emt 0:08:09]} 34. Bb4 {[%emt 0:00:40]} Nb2 {[%emt 0:00:17]} 35. Qd2 {[%emt 0:02:02]} Nc4 {[%emt 0:00:02]} 36. Qe2 {[%emt 0:01:38]} Qb6 {[%emt 0:01:09]} 37. Bc5 {[%emt 0:00:16]} Qc6 {[%emt 0:00:01]} 38. Bb4 {[%emt 0:01:30]} Qb6 {[%emt 0:00:11]} 39. Qf2 {[%emt 0:00:07]} Qc6 {[%emt 0:00:12]} 40. Qf4 {[%emt 0:01:46]} Qb6 {[%emt 0:00:25]} 41. Bc5 {[%emt 0:00:26]} Qc6 {[%emt 0:00:01]} 42. Kh1 {[%emt 0:01:37]} e5 {[%emt 0:00:42]} 43. Qf3 {[%emt 0:00:54]} Nd2 {[%emt 0:05:36] Qe3Nxe4 [%clk 0:00:00]} 44. Qd3 {[%emt 0:01:07] Nd2 [%clk 0:00:00]} 1/2-1/2

[Event "Bruges Masters 2018"]
[Site "Brugge"]
[Date "2018.08.16"]
[Round "2"]
[White "Van Foreest, Lucas"]
[Black "Ehmann, Thilo"]
[Result "1-0"]
[WhiteElo "2488"]
[BlackElo "2303"]
[Annotator "ChessBase"]
[PlyCount "85"]
[EventDate "2018.08.12"]
[EventType "swiss"]
[EventCountry "BEL"]
[SourceTitle "playchess.com"]
[Source "ChessBase"]
[SourceQuality "1"]
[TimeControl "5400+30"]

1. e4 {[%emt 0:00:20]} e5 {[%emt 0:00:26]} 2. Nf3 {[%emt 0:00:22]} Nc6 {[%emt 0:00:01]} 3. Bc4 {[%emt 0:00:26]} Nf6 {[%emt 0:00:59]} 4. d3 {[%emt 0:00:11]} Bc5 {[%emt 0:00:17]} 5. c3 {[%emt 0:00:09]} d6 {[%emt 0:01:26]} 6. Nbd2 {[%emt 0:00:20]} O-O {[%emt 0:02:54]} 7. h3 {[%emt 0:01:04]} a6 {[%emt 0:04:24]} 8. Bb3 {[%emt 0:00:40]} Be6 {[%emt 0:02:15]} 9. Bc2 {[%emt 0:00:04]} Ba7 {[%emt 0:01:12]} 10. Nf1 {[%emt 0:00:05]} d5 {[%emt 0:04:11]} 11. Qe2 {[%emt 0:00:03]} h6 {[%emt 0:09:37]} 12. g4 {[%emt 0:00:05]} dxe4 {[%emt 0:02:17]} 13. dxe4 {[%emt 0:00:04]} b5 {[%emt 0:02:36]} 14. Ne3 {[%emt 0:00:06]} Nd7 {[%emt 0:02:22]} 15. Rg1 {[%emt 0:04:42]} Ne7 {[%emt 0:02:47]} 16. Nf5 {[%emt 0:22:56]} Ng6 {[%emt 0:07:33]} 17. g5 {[%emt 0:04:02]} h5 {[%emt 0:06:14]} 18. Nh2 {[%emt 0:02:31]} Nc5 {[%emt 0:16:11]} 19. Qxh5 {[%emt 0:14:15]} Nd3+ {[%emt 0:00:33]} 20. Bxd3 {[%emt 0:00:07]} Qxd3 {[%emt 0:00:05]} 21. Qf3 {[%emt 0:03:22]} Rfd8 {[%emt 0:07:20]} 22. Qxd3 {[%emt 0:06:26]} Rxd3 {[%emt 0:00:06]} 23. Rg3 {[%emt 0:07:42]} Rad8 {[%emt 0:02:16]} 24. Be3 {[%emt 0:05:22]} Bxe3 {[%emt 0:02:00]} 25. Nxe3 {[%emt 0:00:28]} Rd2 {[%emt 0:01:23]} 26. Nd5 {[%emt 0:00:07]} Rxb2 {[%emt 0:00:24]} 27. O-O-O {[%emt 0:00:06]} Rxf2 {[%emt 0:02:14]} 28. Nf6+ {[%emt 0:03:46]} gxf6 {[%emt 0:00:10]} 29. Rxd8+ {[%emt 0:00:45]} Kg7 {[%emt 0:05:55]} 30. gxf6+ {[%emt 0:00:33]} Kxf6 {[%emt 0:00:25]} 31. Rf3+ {[%emt 0:02:48]} Rxf3 {[%emt 0:00:06]} 32. Nxf3 {[%emt 0:00:03]} Bxa2 {[%emt 0:02:32]} 33. Ra8 {[%emt 0:01:13]} Be6 {[%emt 0:00:38]} 34. Rxa6 {[%emt 0:00:01]} Ke7 {[%emt 0:02:04]} 35. Ra7 {[%emt 0:02:11]} Kd7 {[%emt 0:02:28]} 36. Ng5 {[%emt 0:00:12]} Bc4 {[%emt 0:01:06]} 37. Kd2 {[%emt 0:00:58]} Nh4 {[%emt 0:04:32]} 38. Ra6 {[%emt 0:02:16]} c5 {[%emt 0:01:12]} 39. Ra7+ {[%emt 0:00:06]} Ke8 {[%emt 0:01:10]} 40. Rc7 {[%emt 0:00:11]} Bf1 {[%emt 0:00:32]} 41. Nxf7 {[%emt 0:00:21]} Ng6 {[%emt 0:00:39]} 42. Nd6+ {[%emt 0:00:19]} Kf8 {[%emt 0:00:12]} 43. Rf7+ {[%emt 0:00:06]} 1-0

[Event "Bruges Masters 2018"]
[Site "Brugge"]
[Date "2018.08.16"]
[Round "2"]
[White "Lai, Hing Ting"]
[Black "Dardha, Daniel"]
[Result "1/2-1/2"]
[WhiteElo "2459"]
[BlackElo "2302"]
[Annotator "ChessBase"]
[PlyCount "59"]
[EventDate "2018.08.12"]
[EventType "swiss"]
[EventCountry "BEL"]
[SourceTitle "playchess.com"]
[Source "ChessBase"]
[SourceQuality "1"]
[TimeControl "5400+30"]

1. d4 {[%emt 0:00:00]} Nf6 {[%emt 0:00:55]} 2. Nf3 {[%emt 0:00:13]} e6 {[%emt 0:00:11]} 3. Bf4 {[%emt 0:00:13]} b6 {[%emt 0:00:38]} 4. e3 {[%emt 0:00:19]} Bb7 {[%emt 0:00:08]} 5. Nbd2 {[%emt 0:00:23]} Be7 {[%emt 0:00:12]} 6. h3 {[%emt 0:00:14]} O-O {[%emt 0:00:32]} 7. Bd3 {[%emt 0:00:07]} c5 {[%emt 0:00:10]} 8. O-O {[%emt 0:00:14]} cxd4 {[%emt 0:02:01]} 9. exd4 {[%emt 0:00:06]} d6 {[%emt 0:00:09]} 10. Re1 {[%emt 0:00:26]} Nbd7 {[%emt 0:00:43]} 11. c3 {[%emt 0:00:41]} Re8 {[%emt 0:01:32]} 12. Bh2 {[%emt 0:01:47]} Bf8 {[%emt 0:00:08]} 13. a4 {[%emt 0:20:02]} a6 {[%emt 0:01:02]} 14. b4 {[%emt 0:01:32]} Rc8 {[%emt 0:07:57]} 15. Qb3 {[%emt 0:08:15]} e5 {[%emt 0:11:43]} 16. dxe5 {[%emt 0:09:11]} Nxe5 {[%emt 0:01:31]} 17. Be2 {[%emt 0:05:52]} Qc7 {[%emt 0:06:35]} 18. Nxe5 {[%emt 0:11:05]} dxe5 {[%emt 0:00:34]} 19. Rac1 {[%emt 0:01:32]} Nd5 {[%emt 0:05:17]} 20. Bf3 {[%emt 0:14:39]} Nf4 {[%emt 0:02:10]} 21. Bxf4 {[%emt 0:01:55]} exf4 {[%emt 0:00:08]} 22. Rxe8 {[%emt 0:02:39]} Rxe8 {[%emt 0:00:07]} 23. Bxb7 {[%emt 0:00:54]} Qxb7 {[%emt 0:01:15]} 24. Qc4 {[%emt 0:01:30]} Qd7 {[%emt 0:02:00]} 25. Qxf4 {[%emt 0:00:31]} Qxa4 {[%emt 0:00:41]} 26. Nf3 {[%emt 0:01:11]} Qd7 {[%emt 0:04:41]} 27. Ra1 {[%emt 0:01:30]} Qd3 {[%emt 0:02:40]} 28. Qd2 {[%emt 0:04:11]} Qb5 {[%emt 0:05:11]} 29. Qa2 {[%emt 0:00:24]} a5 {[%emt 0:05:23]} 30. bxa5 {[%emt 0:00:44]} 1/2-1/2

[Event "Bruges Masters 2018"]
[Site "Brugge"]
[Date "2018.08.16"]
[Round "2"]
[White "Gonzales, Jayson"]
[Black "Nabuurs, Mart"]
[Result "1-0"]
[WhiteElo "2383"]
[BlackElo "2248"]
[Annotator "NA"]
[PlyCount "119"]
[EventDate "2018.08.12"]
[EventType "swiss"]
[EventCountry "BEL"]
[SourceTitle "playchess.com"]
[Source "ChessBase"]
[SourceQuality "1"]
[TimeControl "5400+30"]

1. Nf3 {[%emt 0:00:00]} d5 {[%emt 0:00:00]} 2. c4 {[%emt 0:00:00]} e6 {[%emt 0:00:47]} 3. g3 {[%emt 0:00:23]} Nf6 {[%emt 0:00:07]} 4. Bg2 {[%emt 0:00:14]} Be7 {[%emt 0:00:25]} 5. O-O {[%emt 0:00:36]} O-O {[%emt 0:00:33]} 6. b3 {[%emt 0:00:07]} b6 {[%emt 0:04:04]} 7. Bb2 {[%emt 0:02:18]} Bb7 {[%emt 0:00:22]} 8. e3 {[%emt 0:02:21]} dxc4 {[%emt 0:02:37]} 9. bxc4 {[%emt 0:00:18]} c5 {[%emt 0:00:14]} 10. Nc3 {[%emt 0:02:56]} Nc6 {[%emt 0:01:11]} 11. Qe2 {[%emt 0:00:57]} Qc8 {[%emt 0:03:13]} 12. Rad1 {[%emt 0:04:50]} Rd8 {[%emt 0:02:06]} 13. d3 {[%emt 0:00:35]} Ne8 {[%emt 0:17:41]} 14. Ne1 {[%emt 0:02:24]} a6 {[%emt 0:03:32]} 15. Ba1 {[%emt 0:10:10]} Na5 {[%emt 0:08:22]} 16. f4 {[%emt 0:01:12]} Bxg2 {[%emt 0:01:25]} 17. Nxg2 {[%emt 0:00:20]} Rb8 {[%emt 0:02:08]} 18. f5 {[%emt 0:04:52]} exf5 {[%emt 0:11:39]} 19. Nd5 {[%emt 0:00:26]} Bf8 {[%emt 0:00:16]} 20. Nh4 {[%emt 0:11:05]} Nd6 {[%emt 0:10:01]} 21. Qh5 {[%emt 0:01:50]} Qe6 {[%emt 0:01:55]} 22. e4 {[%emt 0:06:25]} f6 {[%emt 0:12:47]} 23. exf5 {[%emt 0:01:03]} Qf7 {[%emt 0:00:31]} 24. Qg4 {[%emt 0:00:10]} Ne8 {[%emt 0:00:23]} 25. Rfe1 {[%emt 0:04:38]} Rxd5 {[%emt 0:01:28]} 26. cxd5 {[%emt 0:00:24]} Qxd5 {[%emt 0:00:06]} 27. Qe2 {[%emt 0:16:41]} Nc7 {[%emt 0:00:16]} 28. Qg2 {[%emt 0:00:41]} Rd8 {[%emt 0:01:11]} 29. g4 {[%emt 0:02:44]} Nc6 {[%emt 0:01:53]} 30. Qxd5+ {[%emt 0:02:23]} Rxd5 {[%emt 0:00:13]} 31. Ng2 {[%emt 0:01:03]} Nb4 {[%emt 0:04:36]} 32. Nf4 {[%emt 0:01:25]} Rd7 {[%emt 0:01:02]} 33. Ne6 {[%emt 0:03:28]} Ncd5 {[%emt 0:03:00]} 34. Re2 {[%emt 0:00:54]} Bd6 {[%emt 0:01:28]} 35. g5 {[%emt 0:04:55]} fxg5 {[%emt 0:04:07]} 36. Nxg5 {[%emt 0:00:16]} Re7 {[%emt 0:00:42]} 37. Ne6 {[%emt 0:00:44]} Nc6 {[%emt 0:01:28]} 38. Kh1 {[%emt 0:02:50]} Nf4 {[%emt 0:00:23]} 39. Re4 {[%emt 0:03:27]} Nxe6 {[%emt 0:00:42]} 40. fxe6 {[%emt 0:00:07]} Nd8 {[%emt 0:00:25]} 41. Rde1 {[%emt 0:00:12]} Kf8 {[%emt 0:00:33]} 42. d4 {[%emt 0:00:18]} cxd4 {[%emt 0:00:29]} 43. Bxd4 {[%emt 0:01:20]} b5 {[%emt 0:00:17]} 44. Bb6 {[%emt 0:01:39]} Nb7 {[%emt 0:00:44]} 45. Rf1+ {[%emt 0:01:47]} Ke8 {[%emt 0:00:12]} 46. Rc1 {[%emt 0:00:07]} Kf8 {[%emt 0:00:28]} 47. Re2 {[%emt 0:00:55]} Bf4 {[%emt 0:00:31]} 48. Rc6 {[%emt 0:01:06]} g5 {[%emt 0:00:49]} 49. Bd4 {[%emt 0:00:20]} a5 {[%emt 0:00:28]} 50. a3 {[%emt 0:00:44]} Rc7 {[%emt 0:00:30]} 51. Rb6 {[%emt 0:00:52]} Nd6 {[%emt 0:00:32]} 52. Bf6 {[%emt 0:00:42]} Rc1+ {[%emt 0:00:34]} 53. Kg2 {[%emt 0:00:14]} Nf5 {[%emt 0:00:18]} 54. Rxb5 {[%emt 0:01:08]} Nh4+ {[%emt 0:00:14]} 55. Kf2 {[%emt 0:00:14]} Rh1 {[%emt 0:00:23]} 56. Reb2 {[%emt 0:00:33]} Rxh2+ {[%emt 0:00:15]} 57. Kf1 {[%emt 0:00:13]} Rh1+ {[%emt 0:01:21]} 58. Ke2 {[%emt 0:00:02]} g4 {[%emt 0:00:30]} 59. Rb8+ {[%emt 0:00:15]} Bxb8 {[%emt 0:00:05]} 60. Rxb8# {[%emt 0:00:02]} 1-0

[Event "Bruges Masters 2018"]
[Site "Brugge"]
[Date "2018.08.16"]
[Round "2"]
[White "Ravi, Teja S."]
[Black "Boffa, Mauro"]
[Result "1/2-1/2"]
[WhiteElo "2374"]
[BlackElo "2216"]
[Annotator "ChessBase"]
[PlyCount "41"]
[EventDate "2018.08.12"]
[EventType "swiss"]
[EventCountry "BEL"]
[SourceTitle "playchess.com"]
[Source "ChessBase"]
[SourceQuality "1"]
[TimeControl "5400+30"]

1. d4 {[%emt 0:00:00]} e6 {[%emt 0:00:00]} 2. Nf3 {[%emt 0:00:00]} d5 {[%emt 0:00:00]} 3. Bf4 {[%emt 0:00:11]} Bd6 {[%emt 0:00:00]} 4. Bxd6 {[%emt 0:00:07]} Qxd6 {[%emt 0:00:13]} 5. Nbd2 {[%emt 0:00:59]} Nf6 {[%emt 0:00:11]} 6. e3 {[%emt 0:00:05]} Nbd7 {[%emt 0:01:21]} 7. c4 {[%emt 0:02:15]} O-O {[%emt 0:03:28]} 8. cxd5 {[%emt 0:05:06]} exd5 {[%emt 0:00:49]} 9. Bd3 {[%emt 0:00:12]} b6 {[%emt 0:02:45]} 10. O-O {[%emt 0:00:40]} Bb7 {[%emt 0:00:22]} 11. Rc1 {[%emt 0:03:08]} c5 {[%emt 0:05:13]} 12. dxc5 {[%emt 0:01:56]} bxc5 {[%emt 0:01:47]} 13. Qb3 {[%emt 0:00:50]} c4 {[%emt 0:02:17]} 14. Qxb7 {[%emt 0:11:14]} Rfb8 {[%emt 0:00:40]} 15. Qxa8 {[%emt 0:00:38]} Rxa8 {[%emt 0:00:07]} 16. Be2 {[%emt 0:00:32]} Nc5 {[%emt 0:16:48]} 17. b3 {[%emt 0:07:00]} cxb3 {[%emt 0:01:37]} 18. axb3 {[%emt 0:02:20]} Nce4 {[%emt 0:09:38]} 19. Nxe4 {[%emt 0:06:15]} Nxe4 {[%emt 0:03:12]} 20. Nd4 {[%emt 0:01:24]} g6 {[%emt 0:03:41]} 21. Ra1 {[%emt 0:55:38]} 1/2-1/2

[Event "Bruges Masters 2018"]
[Site "Brugge"]
[Date "2018.08.16"]
[Round "2"]
[White "Bisby, Daniel L"]
[Black "Nikolov, Momchil"]
[Result "1/2-1/2"]
[WhiteElo "2314"]
[BlackElo "2549"]
[Annotator "ChessBase"]
[PlyCount "124"]
[EventDate "2018.08.12"]
[EventType "swiss"]
[EventCountry "BEL"]
[SourceTitle "playchess.com"]
[Source "ChessBase"]
[SourceQuality "1"]
[TimeControl "5400+30"]

1. e4 {[%emt 0:00:46]} c5 {[%emt 0:00:16]} 2. Nf3 {[%emt 0:01:54]} e6 {[%emt 0:02:22]} 3. d3 {[%emt 0:03:12]} Nc6 {[%emt 0:00:10]} 4. g3 {[%emt 0:00:19]} g6 {[%emt 0:00:09]} 5. Bg5 {[%emt 0:02:12]} Qc7 {[%emt 0:04:35]} 6. Bg2 {[%emt 0:02:10]} Bg7 {[%emt 0:00:55]} 7. Nc3 {[%emt 0:02:31]} Nge7 {[%emt 0:04:02]} 8. Qd2 {[%emt 0:04:16]} h6 {[%emt 0:14:04]} 9. Be3 {[%emt 0:01:37]} Nd4 {[%emt 0:00:33]} 10. O-O {[%emt 0:06:14]} a6 {[%emt 0:02:21]} 11. Ne1 {[%emt 0:08:08]} b6 {[%emt 0:04:08]} 12. Nd1 {[%emt 0:03:23]} Bb7 {[%emt 0:03:26]} 13. c3 {[%emt 0:02:40]} Ndc6 {[%emt 0:00:11]} 14. f4 {[%emt 0:04:46]} f5 {[%emt 0:07:03]} 15. Nf3 {[%emt 0:06:53]} d6 {[%emt 0:01:54]} 16. Bf2 {[%emt 0:01:45]} O-O {[%emt 0:01:18]} 17. Ne3 {[%emt 0:01:20]} Rad8 {[%emt 0:04:31]} 18. Qc2 {[%emt 0:09:15]} e5 {[%emt 0:05:40]} 19. Nd5 {[%emt 0:07:57]} Nxd5 {[%emt 0:00:18]} 20. exd5 {[%emt 0:00:03]} Nb8 {[%emt 0:01:44]} 21. c4 {[%emt 0:00:51]} Nd7 {[%emt 0:02:25]} 22. Rae1 {[%emt 0:01:45]} Kh7 {[%emt 0:01:46]} 23. Re2 {[%emt 0:01:37]} Rde8 {[%emt 0:05:21]} 24. Rfe1 {[%emt 0:01:13]} Qd8 {[%emt 0:00:39]} 25. Be3 {[%emt 0:03:05]} Bc8 {[%emt 0:01:51]} 26. fxe5 {[%emt 0:07:50]} Nxe5 {[%emt 0:01:57]} 27. Bf4 {[%emt 0:04:21]} Nf7 {[%emt 0:07:15]} 28. h4 {[%emt 0:02:12]} Bd7 {[%emt 0:00:59]} 29. b3 {[%emt 0:06:35]} Qf6 {[%emt 0:03:25]} 30. Rxe8 {[%emt 0:00:49]} Rxe8 {[%emt 0:00:38]} 31. Rxe8 {[%emt 0:00:04]} Bxe8 {[%emt 0:00:05]} 32. Qe2 {[%emt 0:01:14]} Bd7 {[%emt 0:00:12]} 33. Bd2 {[%emt 0:01:27]} g5 {[%emt 0:06:31]} 34. hxg5 {[%emt 0:00:17]} hxg5 {[%emt 0:00:02]} 35. Qe3 {[%emt 0:00:27]} g4 {[%emt 0:01:58]} 36. Ng5+ {[%emt 0:00:42]} Nxg5 {[%emt 0:02:44]} 37. Qxg5 {[%emt 0:00:04]} Qxg5 {[%emt 0:04:00]} 38. Bxg5 {[%emt 0:00:04]} Be5 {[%emt 0:00:18]} 39. Kf2 {[%emt 0:00:19]} b5 {[%emt 0:00:28]} 40. Bf4 {[%emt 0:01:19]} b4 {[%emt 0:01:33]} 41. Bf1 {[%emt 0:00:43]} a5 {[%emt 0:00:45]} 42. Be2 {[%emt 0:00:13]} a4 {[%emt 0:00:07]} 43. Bd1 {[%emt 0:00:15]} a3 {[%emt 0:00:14]} 44. Bc2 {[%emt 0:01:01]} Kg6 {[%emt 0:02:22]} 45. Kg2 {[%emt 0:00:33]} Kh5 {[%emt 0:00:26]} 46. Be3 {[%emt 0:00:25]} Be8 {[%emt 0:02:51]} 47. Bd2 {[%emt 0:00:52]} Bg6 {[%emt 0:00:07]} 48. Be3 {[%emt 0:00:20]} Bh7 {[%emt 0:01:59]} 49. Bd2 {[%emt 0:00:22]} Bg6 {[%emt 0:01:02]} 50. Be3 {[%emt 0:00:06]} f4 {[%emt 0:00:29]} 51. gxf4 {[%emt 0:01:12]} Bc3 {[%emt 0:00:03]} 52. Bf2 {[%emt 0:00:47]} Bd2 {[%emt 0:00:40]} 53. Bg3 {[%emt 0:00:16]} Bf5 {[%emt 0:00:24]} 54. Kf2 {[%emt 0:00:19]} Bc3 {[%emt 0:00:37]} 55. Ke2 {[%emt 0:00:17]} Bf6 {[%emt 0:00:42]} 56. Kf2 {[%emt 0:00:24]} Bd4+ {[%emt 0:00:18]} 57. Kg2 {[%emt 0:00:11]} Be3 {[%emt 0:00:10]} 58. Kf1 {[%emt 0:00:33]} Bc1 {[%emt 0:00:51]} 59. Ke2 {[%emt 0:00:10]} Bb2 {[%emt 0:00:07]} 60. Bb1 {[%emt 0:00:26]} Bf6 {[%emt 0:01:00]} 61. Bc2 {[%emt 0:00:23]} Bh4 {[%emt 0:00:11]} 62. Kf2 {[%emt 0:00:11]} Bf6 {[%emt 0:00:54]} 1/2-1/2

[Event "Bruges Masters 2018"]
[Site "Brugge"]
[Date "2018.08.16"]
[Round "2"]
[White "Baba, Masahiro"]
[Black "Turner, Matthew J"]
[Result "0-1"]
[WhiteElo "2306"]
[BlackElo "2533"]
[Annotator "TA"]
[PlyCount "114"]
[EventDate "2018.08.12"]
[EventType "swiss"]
[EventCountry "BEL"]
[SourceTitle "playchess.com"]
[Source "ChessBase"]
[SourceQuality "1"]

{[%evp 27,114,49,26,12,20,18,17,21,25,11,30,18,30,18,23,0,0,0,0,0,0,0,0,-79,-77,-116,-127,-126,-91,-100,0,0,0,0,0,0,0,0,0,0,0,0,0,-97,-104,-222,-216,-210,-210,-203,-192,-199,-182,-185,-177,-302,-210,-202,-202,-493,-558,-495,-493,-12836,-12835,-12835,-12836,-12842,-12842,-12843,-12843,-12844,-12845,-12845,-12845,-12847,-12847,-12848,-12848,-12849,-12848,-12850,-12850,-12850,-29995,-12851,-29996,-29996,-29997]} 1. e4 e5 2. Nf3 Nc6 3. Bb5 {[%cal Bf1b5,Bb5a4,Ba4b3][%mdl 32]} a6 4. Ba4 Nf6 5. O-O b5 6. Bb3 Be7 7. Re1 O-O 8. h3 d6 9. c3 Be6 10. d4 Bxb3 11. Qxb3 exd4 12. cxd4 {C92: Closed Ruy Lopez: 9...Be6, Karpov and Flohr-Zaitsev Variations} d5 13. e5 Ne4 14. Nc3 Nxc3 {LiveBook: 4 Games} 15. bxc3 (15. Qxc3 {is more complex.} Qd7 16. Qd3 Nb4 17. Qb3 a5 18. Be3) (15. Qxc3 Qd7 16. Bd2 b4 17. Qc2 Rfc8 18. Rac1 Nd8 19. Bg5 Ne6 20. Bxe7 Qxe7 21. Qd2 a5 {½-½ (21) Neelotpal,D (2461)-Guliev,S (2537) Moscow 2004}) 15... Qd7 $146 ({Predecessor:} 15... Na5 16. Qb1 Rb8 17. Qf5 Qc8 18. Qd3 Rb6 19. Bg5 Ba3 {1-0 (43) Geissler,W (2339)-Sciupokas,A (2230) ICCF email 2016}) 16. Bg5 Rab8 17. Bxe7 Nxe7 {[%cal Bc6e7,Be7g6,Bg6f4][%mdl 32]} 18. a4 Rb6 19. axb5 axb5 20. Ra2 Ng6 21. Rea1 Nf4 {Threatens to win with ...Rg6.} 22. Ra8 Rbb8 23. Rxb8 Rxb8 24. Ra6 h6 25. Qa3 (25. e6 $11 fxe6 26. Ne5) 25... Qf5 $17 26. Ra8 Rxa8 27. Qxa8+ Kh7 28. Kh2 {[#]} Qg6 ({Black should play} 28... Nxh3 $1 $17 {[%mdl 512]} 29. Nh4 (29. gxh3 Qxf3) 29... Qg4 30. gxh3 Qxh4) 29. Nh4 $11 Qc2 30. Qc8 Ne6 ({Wrong is} 30... Qxc3 $2 31. Qf5+ Kg8 32. Qxf4 $18) 31. Qd7 Qxf2 32. Nf3 Kg6 33. Qxb5 {White wants to play Qd3+.} Nf4 $36 {[%csl Gf4][%cal Rf2g2][%mdl 2048] Black fights for an advantage.} 34. Qb1+ f5 {[%csl Gf4][%cal Rf2g2]} 35. exf6+ (35. Qg1 $11 {remains equal.} Qc2 36. Qf1) 35... Kxf6 $17 {[%csl Gf4][%cal Rf2g2]} 36. Ne1 (36. Qg1 $17 Qxg1+ 37. Kxg1) 36... Qf1 {...Ne2 is the strong threat.} 37. Qb8 Qxe1 38. Qf8+ Kg5 {Hoping for ...Ne6.} 39. Qxg7+ Ng6 {White must now prevent ...c6.} 40. Qxc7 Qe6 41. Qd8+ (41. Qg3+ {might work better.} Kf6 42. Qf2+ Ke7 43. Qc2) 41... Kf4 42. Qb8+ Ke3 {aiming for ...Nf4.} 43. Qb1 $2 (43. Qb3) 43... Qe4 $19 44. Qc1+ Kd3 45. Qxh6 (45. Qf1+ $142 Kxc3 46. Qa1+ Kd2 47. Qa2+ Ke3 48. Qa3+ Kxd4 49. Qa1+ Kc5 50. Qa3+ Kc6 51. Qc1+ Kd6 52. Qxh6) 45... Nf4 {[%csl Gf4][%cal Re4g2]} 46. Qa6+ Kxc3 {[%csl Gf4][%cal Re4g2]} 47. Qa3+ Kxd4 {[%csl Gf4][%cal Re4g2]} 48. Qa7+ Kd3 {[%csl Gf4][%cal Re4g2]} 49. Qa3+ Ke2 {[%csl Gf4][%cal Re4g2]} 50. Qa2+ Kf1 51. Qa6+ Kf2 {[%csl Gf2,Gf4][%cal Re4g2]} 52. Qa2+ Ne2 {[%csl Gf2][%cal Re4g2]} 53. Qa7+ d4 {[%csl Gf2][%cal Re4g2,Bd5d4,Bd4d3,Bd3d2][%mdl 32]} 54. Qf7+ Qf4+ 55. Qxf4+ Nxf4 56. g3 d3 57. gxf4 d2 {Precision: White = 46%, Black = 75%.} 0-1

[Event "Bruges Masters 2018"]
[Site "Brugge"]
[Date "2018.08.16"]
[Round "2"]
[White "Frayna, Janelle Mae"]
[Black "Wan, Yunguo"]
[Result "0-1"]
[WhiteElo "2278"]
[BlackElo "2501"]
[Annotator "TA"]
[PlyCount "70"]
[EventDate "2018.08.12"]
[EventType "swiss"]
[EventCountry "BEL"]
[SourceTitle "playchess.com"]
[Source "ChessBase"]
[SourceQuality "1"]

{[%evp 19,70,-9,32,21,18,16,10,0,0,0,-5,-1,4,0,0,0,36,5,58,64,67,60,143,145,135,100,142,92,91,35,54,-168,-170,-282,-298,-394,-404,-406,-394,-561,-556,-556,-521,-504,-515,-647,-621,-618,-619,-614,-614,-605,-599]} 1. Nf3 Nf6 2. c4 g6 3. d4 Bg7 4. g3 d5 5. cxd5 Nxd5 6. Bg2 O-O 7. O-O Nb6 8. Nc3 Nc6 9. e3 Re8 10. h3 a5 {LiveBook: 56 Partien. D76: Grünfeldindisch (Fianchetto HV 7... Sb6)} 11. Kh2 a4 12. Qe2 $146 ({Vorgänger:} 12. Rb1 e5 13. d5 Na5 14. e4 c6 15. dxc6 Nxc6 16. Qxd8 Rxd8 17. Bg5 f6 18. Be3 {0-1 (43) Tashkov,R (2583)-Castelli,S (2520) ICCF email 2000}) 12... Be6 {...Lc4 ist eine echte Drohung.Die Stellung ist ausgeglichen.} 13. Rd1 Bc4 14. Qc2 Nb4 15. Qb1 Qc8 16. e4 c5 17. Be3 Rd8 18. dxc5 Bd3 (18... Rxd1 $11 19. Nxd1 (19. Qxd1 a3 $11) 19... Nd7) 19. Qc1 $1 $14 Nc4 20. a3 Na5 (20... Nxe3 $14 21. fxe3 Nc6) 21. axb4 $16 Nb3 22. Rxd3 $1 ({Schlechter ist} 22. Nd5 Rxd5 23. exd5 Nxc1 $17) 22... Rxd3 23. Qf1 Rxe3 {[%cal Bd3e3,Be3e4,Be4b4,Bb4b2][%mdl 32]} 24. Nd5 (24. fxe3 $16 Bxc3 25. bxc3 Nxa1 26. Qxa1) 24... Rxe4 $14 25. Nb6 $2 {[#]} (25. Ng5 $14 {behält die Oberhand.} Re5 26. Rd1) 25... Qe8 $1 $19 26. Nxa8 (26. Re1 {ist eine bessere Verteidigung.} Rxe1 27. Qxe1 Bxb2 28. Nxa8) 26... Nxa1 ({Nicht} 26... Qxa8 27. Re1 $15) 27. Ng5 Rxb4 28. Nc7 Qd8 29. Nd5 (29. Nce6 $142 Qd2 30. c6 bxc6 31. Qa6) 29... Rxb2 {Schwarz steht klar auf Gewinn.} 30. Qxa1 e6 31. Qxa4 {beabsichtigt Df4.} Qxg5 32. Qe8+ Bf8 33. h4 Qe5 34. Nb6 Qxc5 (34... Rxf2 $2 {[#]} 35. Qxf8+ $1 {[%mdl 512]} Kxf8 36. Nd7+ Ke7 37. Nxe5 $19) 35. Na4 Qb5 {Precision: Weiß = 48%, Schwarz = 49%.} 0-1